Redefining readiness : an essential requisite for educational reform (Record no. 75781)

MARC details
000 -CABECERA
campo de control de longitud fija 00664nam a2200241 a 4500
005 - FECHA Y HORA DE LA ÚLTIMA TRANSACCIÓN
campo de control 20210219153407.0
008 - ELEMENTOS DE LONGITUD FIJA--INFORMACIÓN GENERAL
campo de control de longitud fija 991125n 000 0 u
035 ## - NÚMERO DE CONTROL DEL SISTEMA
Número de control de sistema UPN01000096556
100 ## - ASIENTO PRINCIPAL--NOMBRE PERSONAL
Nombre de persona Willer, Barbara
222 ## - TÍTULO CLAVE
Título clave YOUNG CHILDREN
245 ## - MENCIÓN DE TÍTULO
Título Redefining readiness : an essential requisite for educational reform
300 ## - DESCRIPCIÓN FÍSICA
Extensión 22-25
362 ## - FECHAS DE PUBLICACIÓN Y/O DESIGNACIÓN SECUENCIAL
Fecha de publicación y/o designación secuencial 45, No. 5, 1990
505 ## - NOTA DE CONTENIDO CON FORMATO PREESTABLECIDO
Nota de contenido con formato Febrero 1991
653 0# - TERMINO DE INDIZACION - NO CONTROLADO
Término no controlado CAMBIO EDUCATIVO
653 0# - TERMINO DE INDIZACION - NO CONTROLADO
Término no controlado EDUCACION DE LA PRIMERA INFANCIA
653 0# - TERMINO DE INDIZACION - NO CONTROLADO
Término no controlado FORMACION POLITICA
653 0# - TERMINO DE INDIZACION - NO CONTROLADO
Término no controlado LECTURAS ESCOLARES
653 0# - TERMINO DE INDIZACION - NO CONTROLADO
Término no controlado PUBLIC POLICY
700 ## - ASIENTO SECUNDARIO--NOMBRE DE PERSONAL
Nombre de persona Bredekamp, Sue
904 ## - ELEMENTOS DE DATOS D LOCAL, LDD (RLIN)
a AC
b 034367
905 ## - TIPO DE MATERIAL
Tipo de material Articulo

No items available.